000 00286 a2200121 4500
001 146690
040 _cEscola São Tomás de Aquino
100 _aAZEVEDO, Álvares de
240 1 0 _aNoite na taverna
_lpor
245 1 0 _aNoite na taverna
697 _aLITERATURA BRASILEIRA
942 _cBK
999 _c146690
_d146690